XDSL architecture
This book is organized into three part. Part 1 provides the background to broadband communications and its evolution. Part 2 describes the different DSL technologies. Here, HDSL, HDSL2, ADSL, ADSL lite, and VDSL broadband access technologies are covered. Part 3 discusses the DSL-based access archite...
সংরক্ষণ করুন:
| প্রধান লেখক: | |
|---|---|
| বিন্যাস: | গ্রন্থ |
| ভাষা: | Undetermined |
| প্রকাশিত: |
New York
McGraw-Hill
2000
|
| বিষয়গুলি: | |
| ট্যাগগুলো: |
ট্যাগ যুক্ত করুন
কোনো ট্যাগ নেই, প্রথমজন হিসাবে ট্যাগ করুন!
|
| Thư viện lưu trữ: | Trung tâm Học liệu Trường Đại học Cần Thơ |
|---|
| LEADER | 00998nam a2200205Ia 4500 | ||
|---|---|---|---|
| 001 | CTU_37549 | ||
| 008 | 210402s9999 xx 000 0 und d | ||
| 020 | |b 825.000đ | ||
| 082 | |a 004.68 | ||
| 082 | |b W295 | ||
| 100 | |a Padmanand Warrier | ||
| 245 | 0 | |a XDSL architecture | |
| 245 | 0 | |c Padmanand Warrier, Balaji Kumar | |
| 260 | |a New York | ||
| 260 | |b McGraw-Hill | ||
| 260 | |c 2000 | ||
| 520 | |a This book is organized into three part. Part 1 provides the background to broadband communications and its evolution. Part 2 describes the different DSL technologies. Here, HDSL, HDSL2, ADSL, ADSL lite, and VDSL broadband access technologies are covered. Part 3 discusses the DSL-based access architecture with respect to the physical architecture, service architecture and the design of both physical and service architecture. | ||
| 650 | |a client/server computing,extranets ( computer networks ),internet | ||
| 904 | |i Minh, 000802 | ||
| 980 | |a Trung tâm Học liệu Trường Đại học Cần Thơ | ||